| 000 | 00475nam a2200181Ia 4500 | ||
|---|---|---|---|
| 005 | 20250521152718.0 | ||
| 008 | 250327s9999 xx 000 0 und d | ||
| 020 |
_a9788129145192 _qpbk |
||
| 041 | _aeng | ||
| 082 | _a330 PAI | ||
| 100 | _aPai, Roopa | ||
| 245 | 0 |
_aSo you want to know about economics _c/Roopa Pai; |
|
| 250 | _a1st ed. | ||
| 260 |
_bRupa publications india, _c2017. _aNew Delhi: |
||
| 300 |
_a158p. : _c16cm. |
||
| 650 | _aEconomics | ||
| 942 | _cENGLISH | ||
| 999 |
_c570385 _d570385 |
||